01150nam a2200301Ia 450000500170000000800410001702000190005808200210007710000280009824501350012625000390026130000510030049000190035165000350037065000300040565000270043565000240046265000210048670000320050794200120053926400330055133600270058433700330061133800280064404000350067299900150070795201260072220220317001137.0160825s2008 ck a g 000 0 spa  a9789583010701204a745.1028 bQ83a11 aQuintero Ovalle, Zandra10aAccesorios con chaquiras ; Transformar muebles con pinturacredacción Zandra Quintero Ovalle ; fotografías Jorge H. González a1a. edición b1a. reimpresión  a18 páginas bilustraciones en color c28 cm  aManos maestras142LEMBaDecoración de muebles 142LEMBaTrabajos en madera 142LEMBaArte decorativo 142LEMBaManualidades 142LEMB aCollares 1 aGonzález, Jorge H.966717 2ddccBK aBogotábPanamericanac2008 atextobtxt2rdacontent asin mediaciónbn2rdamedia avolumenbnc2rdacarrier aCO-BoRNBPbspaerdacCO-BoRNBP c6056d6056 00102ddc4070aMEPCONCObMEPCONCOd2026-02-23l0o745.1028 Q83aCpPCON02235r2026-02-23 16:26:00tEj.1w2026-02-23yBK